|
|
|
|
| LEADER |
01071nam a2200229 a 4500 |
| 001 |
13288233 |
| 008 |
100308s2003 njua b 001 0 eng d |
| 010 |
|
|
|a 2003057592
|
| 020 |
|
|
|a 0470851279
|
| 040 |
|
|
|a DLC
|c DLC
|d DLC
|d DLC
|d DB-DhAAL
|
| 082 |
0 |
0 |
|a 005.8
|2 22
|
| 100 |
1 |
|
|a Held, Gilbert,
|d 1943-
|
| 245 |
1 |
0 |
|a Securing wireless LANs :
|b a practical guide for network managers, LAN administrators, and the home office user /
|c Gilbert Held.
|
| 260 |
|
|
|a Hoboken, NJ :
|b J. Wiley,
|c c2003.
|
| 300 |
|
|
|a xvii, 254 p. :
|b ill. ;
|c 24 cm.
|
| 504 |
|
|
|a Includes bibliographical references and index.
|
| 541 |
1 |
|
|e 00019909
|
| 650 |
|
0 |
|a Wireless LANs
|x Security measures.
|
| 852 |
4 |
|
|a Ayesha Abed Library
|j General Shelf.
|
| 999 |
|
|
|c 7734
|d 7734
|
| 952 |
|
|
|0 0
|1 0
|2 ddc
|4 0
|6 005_800000000000000_HEL_2003
|7 0
|9 8508
|a BRACUL
|b BRACUL
|c GEN
|d 2010-03-08
|l 3
|m 32
|o 005.8 HEL
|p 3010019909
|r 2025-02-13
|s 2025-01-14
|t 1
|w 2010-03-08
|y BK
|
| 952 |
|
|
|0 0
|1 0
|2 ddc
|4 0
|6 005_800000000000000_HEL_2003
|7 0
|9 8509
|a BRACUL
|b BRACUL
|c GEN
|d 2010-03-08
|l 3
|m 16
|o 005.8 HEL
|p 3010019910
|r 2024-02-12
|s 2024-01-24
|t 2
|w 2010-03-08
|y BK
|